| 000 | 00505nam a22001817a 4500 | ||
|---|---|---|---|
| 005 | 20260506120018.0 | ||
| 008 | 260506b |||||||| |||| 00| 0 eng d | ||
| 020 | _a978-1-4737-7911-2 | ||
| 082 |
_a658.72 _bWEE-P |
||
| 100 |
_aWeele, Arjan J van _aFrank Rozemeijer |
||
| 245 | _aProcurement and Supply Chain Management, | ||
| 250 | _a8th Ed | ||
| 260 |
_aUnited Kingdom _bCengage Learning, _c2022 |
||
| 300 | _a442 p. | ||
| 500 | _aIncludes index. | ||
| 650 | _aOperations management | ||
| 942 | _cBK | ||
| 999 |
_c47533 _d47533 |
||